[Event "Biel GM 42nd"]
[Site "Biel"]
[Date "2009.07.27"]
[Round "7"]
[White "Vachier Lagrave, Maxime"]
[Black "Caruana, Fabiano"]
[Result "1-0"]
[WhiteElo "2703"]
[BlackElo "2670"]
[Annotator "Kritz,L"]
[PlyCount "75"]
[EventDate "2009.07.19"]
[EventType "tourn"]
[EventRounds "10"]
[EventCountry "SUI"]
[EventCategory "19"]
[SourceTitle "CBM 132"]
[Source "ChessBase"]
[SourceDate "2009.09.16"]
[SourceVersion "1"]
[SourceVersionDate "2009.09.16"]
[SourceQuality "1"]

1. e4 e5 2. Nf3 Nc6 3. Bb5 Nf6 {Berliner Mauer ist eine der solidsten
Eröffnungen gegen 1.e4 überhaupt.} 4. O-O (4. d3 {ist die populärste
Nebenvariante.} Bc5 5. c3 {Weiß hat mehrere Möglichkeiten, jedoch keine davon
bringt ihm einen Eröffnungsvorteil.} (5. Bxc6 dxc6 6. Be3 (6. Nxe5 $4 Qd4 7.
Be3 Qxe5 8. d4 Qxe4 9. dxc5 Qxg2 $19) 6... Bd6 $1 {Der beste Weg zum Ausgleich.
} (6... Qe7 7. Bxc5 Qxc5 8. Nc3 Bg4 9. h3 Bxf3 10. Qxf3 O-O {Schwarz hat keine
Schwierigkeiten.} 11. O-O-O a5 12. Qf5 Rfd8 13. Rhf1 a4 14. a3 b5 $132 {
Sutovsky - Aronian (Caleta, 2005)}) (6... Bxe3 $2 {verbessert die weiße
Bauernstruktur und öffnet die f-Linie.} 7. fxe3 Qe7 8. O-O Ng4 9. Qd2 f6 10.
Nh4 g6 11. Nc3 Bd7 12. Rf3 f5 13. g3 Nf6 14. exf5 g5 15. Ng2 e4 16. Nxe4 Nxe4
17. dxe4 O-O-O 18. Qa5 $16 {Sutovsky - Carlsen (Crete, 2007)}) 7. h3 c5 8. Nbd2
Nd7 9. Nc4 O-O $11 {Perunovic - Fressinet (Budva, 2009)}) (5. Nc3 d6 6. Na4 Bb6
7. O-O Bd7 8. c3 Ne7 9. Nxb6 axb6 10. Bxd7+ Qxd7 11. Bg5 Ng6 12. Bxf6 gxf6 13.
Nd2 f5 $11 {Carlsen - Wang Yue (Baku, 2008)}) (5. O-O d6 6. c3 O-O 7. Nbd2 a6
8. Ba4 Ba7 {'<=>' Wiederum hat Schwarz wenig zu befürchten.} 9. h3 Ne7 10. Re1
Ng6 11. Nf1 b5 12. Bb3 Re8 13. Ng3 (13. a4 Bb7 14. Be3 Bxe3 15. Nxe3 h6 16. Nh2
d5 17. axb5 axb5 18. Rxa8 Bxa8 $11 {Leko - Kramnik (Moscow, 2007)}) 13... Bb7
14. Be3 Bxe3 15. fxe3 d5 $11 {Anand - Kramnik (Moscow, 2007)}) 5... O-O 6. Bg5
(6. O-O {-> 5.0-0}) 6... d6 7. Nbd2 Bb6 ({Schwarz kann auch aktiv spielen:} 
7... h6 8. Bh4 g5 9. Bg3 Nh5 10. Bxc6 bxc6 11. d4 exd4 12. Nxd4 Nxg3 13. hxg3
Qf6 14. N2b3 Bb6 $132 {Svidler - Ivanchuk (Sochi, 2008)}) (7... Bd7 $1 {
Meiner Meinung nach ist das die beste Fortsetzung.} 8. Ba4 h6 9. Bh4 g5 10. Bg3
Nh5 11. d4 exd4 12. Bxc6 bxc6 13. Nxd4 Nxg3 14. hxg3 Qf6 15. Qh5 Kg7 16. O-O-O
Rae8 $132 {Azarov - Georgiev (Dresden, 2007)}) 8. Nc4 Ne7 $132 {Vachier
Lagrave - Alekseev (Biel, 2009)}) (4. Nc3 {führt zum Übergang ins
Vierspringerspiel.} Bb4 (4... Nd4 $5 {ist ebenfalls spielbar.}) 5. O-O O-O 6.
d3 d6 7. Bg5 Bxc3 8. bxc3 Qe7 9. Re1 h6 10. Bh4 a6 11. Bxc6 (11. Ba4 Nd8 $15 {
Der weiße Läufer auf a4 ist sehr schlecht.}) 11... bxc6 12. d4 Bg4 13. Qd3 Bxf3
14. Qxf3 g5 15. Bg3 Nd7 $11 {Shirov - Erenburg (Sochi, 2006)}) (4. Qe2 {
Eine weitere Nebenvariante, die jedoch sehr selten zu treffen ist.} Bc5 5. c3
O-O 6. d3 d6 $11 {Man kommt in eine typische Stellung hinein, wo der Zug Qe2
wenig Sinn macht.}) 4... Nxe4 5. d4 (5. Re1 {Das ist eine bekannte
Remisvariante:} Nd6 6. Nxe5 Nxe5 7. Rxe5+ Be7 8. Bf1 (8. Bd3 O-O 9. Nc3 c6 10.
b3 Ne8 11. Bb2 d5 12. Qh5 Nf6 13. Qh4 Be6 $11) 8... O-O 9. d4 Bf6 10. Re1 Nf5
11. c3 d5 $11 {Bei symmetrischen Bauernstruktur das Maximum, was beide Seiten
erreichen können ist der kollektive Abtausch aller Figuren.}) 5... Nd6 6. Bxc6
dxc6 7. dxe5 Nf5 8. Qxd8+ Kxd8 9. Nc3 Ke8 ({Eine andere prinzipielle
Fortsetzung ist} 9... Bd7 10. h3 (10. b3 Kc8 11. Bb2 Be7 12. Rad1 a5 $132)
10... h6 11. b3 Kc8 12. Bb2 b6 13. Rad1 Ne7 14. Rd2 c5 15. Rfd1 Be6 $132) 10.
h3 h5 (10... Be7 {füehrt zu einer passiven, aber haltbaren Stellung.} 11. g4 (
11. Bg5 Bxg5 12. Nxg5 h6 $1 {Es is wichtig, den gegnerischen Springer gleich
zu vertreiben.} 13. Nf3 (13. Nge4 b6 14. Rfd1 Ke7 15. Kh2 h5 16. Ne2 Re8 17.
Nf4 Kf8 18. Nxh5 Rxe5 19. Nhg3 Be6 20. Rd2 {1/2-1/2 Anand - Kramnik (Leon,
2002). Ich denke, Schwarz steht sogar etwas besser hier. Der weiße h-Bauer ist
sehr weit von dem kritischen Feld h8 entfernt, während die schwarzen Türme mit
dem Läufer am Damenflügel für einige Unannehmlichkeiten sorgen könnten.}) 13...
h5 14. Rad1 (14. Ne2 Ke7 15. Nf4 g6 $1 16. Rad1 Ng7 17. Rfe1 Rd8 18. Rxd8 Kxd8
19. Ng5 Ke7 20. Rd1 a5 21. a4 Bf5 $132 {Timman - Kritz (Amsterdam, 2002)})
14... Ke7 15. Ng5 Be6 16. Nxe6 fxe6 17. Rd3 Rad8 18. Rfd1 Rxd3 19. Rxd3 h4 $11
{Shirov - Alekseev (Moscow, 2008). Wie üblich in dieser Stellung: der schwarze
Bauer h4 neutralisiert die weiße überlegenheit am Königsflügel und die
Stellung ist ausgeglichen.}) 11... Nh4 12. Nxh4 Bxh4 13. Kg2 h5 14. f3 Be6 ({
Eine andere Verteidigungsmethode ist} 14... a5 {um die weißen Bauern zu
erzwingen, weiße Felder einzunehmen.} 15. a4 b6 16. Rd1 Be7 17. Ne2 Bd7 18. Bf4
c5 19. Bg3 Rd8 20. c4 Bc8 21. b3 Rxd1 22. Rxd1 hxg4 23. hxg4 Bd8 $14 {
Kotronias - Kritz (Port Erin, 2007). Weiß hat einen symbolischen Vorteil und
Schwarz muss die ganze Partie leiden, doch bei korrekter Verteidigung kann man
Remis halten. Es ist jedoch zu empfehlen, wie Wang Yue gegen Adams zu spielen
- dort ist es einfacher, das Remis zu erreichen.}) 15. Be3 Be7 $11 {Wie die
letzten Analysen zeigen, ist die Stellung ausgeglichen.}) (10... Ne7 {Zuletzt
hat dieser Zug wieder an Popularität gewonnen, aber ich verstehe nicht warum.
Das ist eine verschlechterte Version dern 10....Be7 Variante - Schwarz steht
ebenfalls passiv, gibt dabei Weiß Chancen zu spielen. Dagegen bringt 10....Be7
die Partie bei normalem Spielverlauf zum unausweichlichen Remisresultat.} 11.
Ne4 Ng6 12. Re1 h6 13. Bd2 $14 {Weiß hat sich entwickelt, Schwarz steht immer
noch auf der Grundreihe.}) 11. Bf4 (11. Bg5 {Der logische Versuch, die
Schwächung des Feldes g5 auszunutzen.} Be6 (11... Be7 {ist ebenfalls gut
spielbar} 12. Ne2 Be6 13. Nf4 Bd5 14. Bxe7 Kxe7 15. Ng5 Nd4 16. Rfd1 Ne6 $1 (
16... Nxc2 17. Nxd5+ cxd5 18. Rac1 $1 $18) 17. Ngxe6 Bxe6 18. h4 Rad8 19. f3 g6
20. Kf2 Bf5 21. c3 f6 22. exf6+ Kxf6 $11 {1/2-1/2 Hracek,Z (2629)-Kholmov,R 
(2464)/Pardubice CZE 1999 (37)}) 12. Rad1 Be7 13. Rd2 Rd8 $1 {Korrekte
Entscheidung! Schwarz muss so schnell wie möglich den Druck der weißen Türme
auf der d-Linie neutralisieren.} (13... Bxg5 14. Nxg5 Rd8 (14... h4 15. Rfd1
$14) 15. Rxd8+ Kxd8 16. Nxe6+ fxe6 17. g3 $1 $14 {Weiß hat h4 verhindert und
damit die Beweglichkeit seiner Bauernstruktur beibehalten. Das garantiert ihm
einen kleinen Vorteil.}) 14. Rfd1 Rxd2 15. Rxd2 h4 $1 $11 {Leko - Alekseev 
(Elista, 2008) . Damit ist der Königsflügel zugemacht und der weiße Mehrbauer
praktisch neutralisiert.}) ({Wenig bringt} 11. Ne2 Be6 12. Nf4 Bd5 $1 {Schwarz
bekommt eine problemlose Stellung.} 13. Nxd5 (13. Ng5 Be7 $15) 13... cxd5 14.
Bf4 c6 15. g3 Be7 16. Rfe1 Rg8 17. g4 hxg4 18. hxg4 Nh6 19. Nh2 g5 20. Be3 Kd7
21. Rad1 Ke6 $132 {Bruzon - Miles (Varadero, 2000)}) 11... Be7 12. Rad1 Nh4 ({
Spielbar ist auch} 12... Be6 $5 $146 {Nach dem prinzipiellen} 13. Ng5 {gleicht
Schwarz forciert aus:} Bc4 $1 14. Rfe1 Rd8 $1 15. Rxd8+ (15. b3 Ba6 16. Rxd8+ {
->15.Rxd8}) 15... Bxd8 16. b3 Ba6 17. e6 Bxg5 18. exf7+ Kxf7 19. Bxg5 Re8 $11)
13. Nd4 (13. Nxh4 $6 {Weiß kann nicht besser stehen, besonders weil er nicht
zu g4 kommt.} Bxh4 14. Ne2 Bd7 15. e6 Bxe6 16. Nd4 Bf6 17. Nxe6 fxe6 18. Bxc7
Rc8 19. Bf4 Ke7 $11 {Dominguez Perez - Wang Yue (Wijk aan Zee, 2009)}) 13...
Nf5 14. Nce2 g5 $2 {Man kann nur staunen, wie viele Menschen die Berliner
Mauer spielen, ohne dabei elementare Grundlagen dieser Stellung zu begreifen.
In der Vorgängerpartie Inarkiev - Najditsch wurde bereits nach 14....g5? das
Remisresultat fixiert.} (14... Nxd4 $1 {Hat Schwarz die Gelegenheit, den
Springer abzutauschen, so soll er das ohne Nachzudenken machen! Der Grund
dafür ist ganz einfach - Weiß hat Raumvorteil und eventuell Initiative im
Zentrum.} 15. Nxd4 (15. Rxd4 Bf5 16. Rd2 Rd8 17. Nd4 Bg6 $15) 15... a6 $1 {
Und Weiß muss die Notbremse ziehen und e6 spielen.} 16. e6 (16. Rfe1 c5 17. Nf3
Bf5 18. Rd2 Rd8 $15) 16... Bxe6 17. Nxe6 fxe6 18. Bxc7 Rc8 19. Bb6 Bd8 20. Bd4
Bf6 $11 {Das Endspiel ist leicht Remis zu halten.}) 15. Bh2 a6 {Schwarz
spielte zu langsam.} (15... Nxd4 {wäre immer noch die bessere Wahl gewesen,
wobei der Zug g5 natürlich die schwarze Stellung geschwächt hat.} 16. Nxd4 a6
17. e6 Bxe6 18. Nxe6 fxe6 19. Bxc7 Rc8 20. Be5 $14) 16. e6 $1 {Jetzt ist es
eine ganz andere Geschichte!} Nd6 (16... Nxd4 17. exf7+ Kxf7 18. Nxd4 $14) (
16... Bxe6 17. Nxe6 fxe6 18. Bxc7 Rc8 19. Be5 $14 {Mit Springern auf dem Brett
ist der weiße Vorteil noch größer.}) 17. Rfe1 $1 {Weiß spielt sehr gut - er
forciert nicht die Varianten, sondern verbessert schrittweise seine Stellung.}
Rh6 (17... fxe6 18. Nc1 Kf7 19. Nd3 $44 {Mit klarer Kompensation, die
schwarzen Figuren bewegen sich gar nicht.}) 18. exf7+ (18. Bxd6 $5 {führt zu
einem kleinen Vorteil, ist aber zu konkret. Weiß muss die Stellung nicht
forcieren.} Bxd6 (18... cxd6 19. Nf5 Rxe6 20. Ng7+ Kf8 21. Nxe6+ Bxe6 22. Nd4
$14) 19. Nf5 Rg6 20. Nxd6+ cxd6 21. Rxd6 Bxe6 (21... Rxe6 22. Rxe6+ Bxe6 23.
Ng3 Rd8 (23... h4 24. Ne4 $18) 24. Nxh5 Rd2 25. Ng7+ $18) 22. Ng3 h4 23. Ne4
Ke7 24. Rd3 Rd8 25. Rxd8 Kxd8 26. Nc5 Kc7 27. Nxe6+ fxe6 $14) 18... Kxf7 19.
Nf3 {Vom Gefühl her steht Weiß fast schon auf Gewinn. Alle seine Figuren
spielen mit, der schwarze König ist geschwächt usw.} g4 20. Ne5+ Kg7 21. Bf4
Rh7 (21... Rh8 {macht keinen großen Unterschied} 22. hxg4 hxg4 23. Ng3 $16) 22.
hxg4 hxg4 23. Ng3 $16 {Schwarz hat große Schwierigkeiten mit seiner
Entwicklung, so hat der Läufer c8 kein Feld.} Bf6 (23... Be6 $4 24. Nxg4 $18)
24. Nd3 {Der Springer wird nach c5 überführt.} Nf5 $2 {Der letzte Fehler, der
zu einer verlorenen Stellung führt.} (24... Kf7 25. b3 a5 26. Nc5 Bc3 27. Re2
Bb4 28. Nd3 $16) 25. Ne4 $1 ({Natürlich nicht} 25. Nxf5+ $2 Bxf5 26. Bxc7 Rah8
27. Kf1 Bxd3+ 28. Rxd3 Rh1+ 29. Ke2 Re8+ 30. Re3 Rxe1+ 31. Kxe1 Rxe3+ 32. fxe3
Bxb2 $11) 25... Be7 26. Bxc7 $18 {Weiß hat einen gesunden Mehrbauern und dazu
einen gewaltigen Entwicklungsvorsprung. Dazu haben alle seine Figuren ideale
Positionen im Zentrum eingenommen.} Be6 {Endlich kommt der Läufer raus, aber
es ist schon zu spät.} 27. Nf4 (27. Be5+ $5 Kf7 28. Bc3 $18) 27... Bf7 28. Rd7
Re8 29. Ng5 ({Sehr leicht gewinnt} 29. Be5+ Kg8 30. Rxb7 Bd8 31. Nd3 $18) 29...
Rh6 (29... Bxg5 $2 30. Rxe8 $18) 30. Be5+ Kg8 31. Nxf7 Kxf7 32. Bc3 (32. Rxb7
$18 {wäre wieder am einfachsten.}) 32... g3 (32... b5 33. Re5 Nd6 34. Bb4 Nc8
35. Rc7 $18) 33. Re5 gxf2+ 34. Kxf2 Nd6 35. Bb4 {Die weißen Figuren machen,
was sie wollen.} Nc8 36. Rxb7 Rh4 37. Bxe7 Rxf4+ 38. Ke3 1-0

[Event "EU-Cup 25th"]
[Site "Ohrid"]
[Date "2009.10.05"]
[Round "2.3"]
[White "Sargissian, Gabriel"]
[Black "Caruana, Fabiano"]
[Result "1-0"]
[WhiteElo "2678"]
[BlackElo "2662"]
[Annotator "Reeh,O"]
[PlyCount "45"]
[EventDate "2009.10.04"]
[EventType "team-swiss"]
[EventRounds "7"]
[EventCountry "MKD"]
[SourceTitle "CBM 133"]
[Source "ChessBase"]
[SourceDate "2009.11.19"]
[SourceVersion "1"]
[SourceVersionDate "2009.11.19"]
[SourceQuality "1"]
[WhiteTeam "Yerevan Mika"]
[BlackTeam "Moscow ShSM-64"]
[WhiteTeamCountry "ARM"]
[BlackTeamCountry "RUS"]

1. d4 Nf6 2. c4 c5 3. d5 b5 {The Volga-Benko Gambit, very rarely seen at this
level.  Das Wolga-Benkö-Gambit, auf diesem Niveau sehr selten gesehen.} 4. cxb5
a6 5. bxa6 g6 6. Nc3 Bxa6 7. Nf3 d6 8. e4 Bxf1 9. Kxf1 Nbd7 10. g3 Bg7 11. Kg2
O-O 12. h3 Qa5 13. Re1 Rfb8 14. e5 dxe5 15. Nxe5 Nxe5 16. Rxe5 Rb7 17. Qe2 Qb6
18. a4 Kf8 19. Ra3 $5 {Is Sargissian psychic? Ob Sargissian hellsehen kann?}
Ne8 20. Re3 Bh6 $2 {This runs into a fantastic reply. Dies läuft in eine
phantastische Erwiderung.} (20... Nd6 {was normal. war normal.}) {[%tqu "En",
"Black has attacked White's rook e3 with ...Bh6. What do you suggest?",
"Black's bishop is unprotected.","Which move allows White to get access to
Black's king?","e3e6","Super!  Black must take the rook, and after 22.Bxh6+
suddenly his king is under fire.  Do you have a (winning) answer ready to both
22...Kg8 (f7) and ...Ng7?",20,"De","Schwarz hat mit ...Bh6 den weißen Turm e3
angegriffen. Was schlagen Sie vor?","Der schwarze Läufer ist ungedeckt.",
"Welcher Zug verschafft Weiß Zugang zum schwarzen König?","e3e6","Super! 
Schwarz muss den Turm nehmen, und nach 22.Bxh6+ steht plötzlich sein König
unter Beschuss.  Haben Sie schon sowohl auf 22...Kg8 (f7) als auch ...Ng7 eine
siegbringende Antwort parat?",20]} 21. Re6 $1 {A discovered attack on the
queen and the unprotected bishop on h6 - Black has no choice. Ein
Abzugsangriff auf die Dame und den ungedeckten Läufer h6 - Schwarz hat keine
Wahl.} fxe6 22. Bxh6+ Kg8 (22... Ng7 23. Qe5 {and the Ng7 drops. und der Ng7
fällt.}) {[%tqu "En","Deliver the coup de grâce.","If e6 were not protected by
Black's queen, the White queen could take there forcing checkmate.","","a3b3",
"The point - Black's queen can't neglect the protection of e6, so White wins
the rook b7.",10,"De","Versetzen Sie Schwarz den Gnadenstoß.","Wenn e6 nicht
von der schwarzen Dame gedeckt wäre, könnte die weiße Dame dort nehmen und
Matt erzwingen.","","a3b3","Die Pointe - die Dame von Schwarz darf die Deckung
des Punktes e6 nicht aufgeben, daher gewinnt Weiß den Turm b7!",10]} 23. Rb3 $1
{The point - Black's queen can't neglect the protection of e6, so White wins
the rook b7. Die Pointe - die Dame von Schwarz darf die Deckung des Punktes e6
nicht aufgeben, daher gewinnt Weiß den Turm b7!} (23. Rb3 $1 {and Black
resigned, since und Schwarz gab auf, denn} Qxb3 24. Qxe6+ Kh8 25. Qf7 {leads
to checkmate on f8 or g7. führt zum Matt auf f8 oder g7.}) 1-0

[Event "EU-chT (Men) 17th"]
[Site "Novi Sad"]
[Date "2009.10.29"]
[Round "8"]
[White "Caruana, Fabiano"]
[Black "Haznedaroglu, Kivanc"]
[Result "1-0"]
[WhiteElo "2662"]
[BlackElo "2499"]
[Annotator "Caruana,F"]
[PlyCount "81"]
[EventDate "2009.10.22"]
[EventType "team-swiss"]
[EventRounds "9"]
[EventCountry "YUG"]
[SourceTitle "CBM 133"]
[Source "ChessBase"]
[SourceDate "2009.11.19"]
[SourceVersion "1"]
[SourceVersionDate "2009.11.19"]
[SourceQuality "1"]
[WhiteTeam "Italy"]
[BlackTeam "Turkey"]
[WhiteTeamCountry "ITA"]
[BlackTeamCountry "TUR"]

1. e4 c5 2. Nf3 Nc6 3. d4 cxd4 4. Nxd4 Qb6 5. Nb3 Nf6 6. Nc3 e6 7. Bd3 ({
I played} 7. Be3 Qc7 8. f4 {against Zhang Pengxiang, but I wasn't happy with
my position after} Bb4 9. Bd3 Bxc3+ 10. bxc3 d6 11. O-O b6 12. Qf3 O-O {
, when despite the bishop pair, White has limited attacking possibilities. The
game continued} 13. g4 Bb7 14. g5 Nd7 15. Qh5 Rfe8 16. Rf3 Ne7 17. Rh3 Nf8 18.
c4 Neg6 19. Rf1 e5 $1 $132 20. f5 Nf4 21. Bxf4 exf4 22. f6 Bxe4 23. Bxe4 $6 ({
White had to try} 23. fxg7 Kxg7 24. Rxf4) 23... Rxe4 24. g6 gxf6 25. Qf5 Qe7
26. gxf7+ Kh8 27. Rh6 Kg7 28. Rxf6 Qxf6 29. Qxe4 Qg6+ 30. Qxg6+ Nxg6 $17 {
, and my attack had been soundly refuted, while I remained a pawn down for
nothing. (Caruana=Zhang Pengxiang,08)}) (7. Qe2 {is another popular move, but
looks artificial to me.}) 7... a6 8. Be3 Qc7 9. f4 d6 10. Qf3 {White can also
castle kingside, but I decided on a more aggressive setup.} Be7 11. g4 b5 12.
O-O-O Nd7 13. g5 Nb6 {Aiming to bring the knight to a4.} ({Also possible is} 
13... Bb7 14. Kb1 Nb4 15. Qh3 O-O 16. Rhg1 {White plans to attack with f5, but
Black has counterplay on the queenside. The position is unclear.}) 14. Kb1 Na4
15. Ne2 {A standard reaction.} (15. Bd2 Nxc3+ 16. Bxc3 e5 {has also been
tested in practice.}) 15... Bb7 {The best move for Black. If Black plays Nb4
too early, White will answer with Bd2.} (15... Nb4 16. Bd2 $1 Nxd3 17. cxd3 $14
) (15... Bd7 16. h4 Nb4 17. Bd2 Nxd3 18. cxd3) 16. Qh3 $1 {A strong move,
aiming to play g6 under the right circumstances.} O-O-O {An admission of
defeat, although Black is worse after other moves as well.} (16... Nb4 17. g6
Bf6 (17... fxg6 18. Ned4) 18. Ned4 $36) (16... Rc8 17. g6 Bf6 18. Ned4) ({
The move I had considered as best for Black was} 16... Nc5 $5 {, when I
planned to play} 17. Ned4 {, with the following variations:} Nxd4 (17... O-O
18. f5 (18. g6 $5 hxg6 19. f5 {should also be considered}) 18... exf5 19. Nxf5)
(17... Nxd3 18. cxd3 Nxd4 19. Nxd4 (19. Bxd4) 19... O-O 20. f5 $40) 18. Bxd4
Nxd3 (18... e5 19. Nxc5 exd4 20. Nxb7 (20. Nb3) 20... Qxb7 21. Rhg1) (18...
Nxb3 19. axb3 (19. Bxg7 Rg8 20. Qxh7 Rxg7 21. Qxg7 Nc5 22. Rhe1) 19... e5 20.
Bc3 O-O 21. Rhg1 Rfc8 22. f5 Bf8 23. Rg4 d5 24. Rh4 $18) 19. cxd3 O-O (19... e5
20. Rc1 Qb8 21. Be3 (21. Bc3 O-O 22. Rhg1 b4 23. Bd2 a5 24. f5 a4) 21... exf4
22. Bxf4 $16) 20. Rc1 Qd7 21. Na5 $14) 17. f5 Qd7 {The best move, as Black
tries to retain control over d5 for as long as possible.} (17... exf5 18. Qxf5+
Kb8 19. Nf4 ({Not} 19. Qxf7 $2 Nxb2) 19... Ne5 20. Nd5 Bxd5 21. exd5 $16 {
looks terrible for Black.}) 18. Rhf1 exf5 {This is a fundamental decision for
Black: whether to take on f5 or play e5. During the game I was more worried
about 18...e5, and even now I find it difficult to judge which was best for
Black.} (18... e5 19. c3 Kb8 20. Bc2 Qc7 21. f6 gxf6 22. gxf6 Bf8 23. Qh5 {
was a position I considered. White is better, but it is still difficult to
penetrate Black's solid position.}) 19. Qxf5 ({I rejected} 19. exf5 {, but
perhaps unjustifiably so.} Ne5 (19... h6 {is what my opponent said he had
planned.} 20. gxh6 Bf6 21. Ned4 Nxd4 22. Bxd4 Rxh6 23. Qg3 $14) 20. Na5 {
, with an excellent position.}) 19... Ne5 20. Na5 g6 $2 {A serious positional
error. Black had to trade queens.} (20... Qxf5 21. Rxf5 g6 (21... Ba8 $2 22. b3
g6 23. Rxe5 dxe5 24. bxa4) 22. Nxb7 Kxb7 23. Rff1 {is better for White, but
Black has counterchances. A possible variation is} Rdf8 24. b3 Nc5 25. Nc3 Ne6
26. h4 h6 27. Nd5 Bd8 28. gxh6 Bxh4) 21. Qf4 $1 {Of course not trading queens!}
Qc7 $6 {Far too compliant.} (21... Ba8 22. b3 Qc7 23. bxa4 Qxa5 24. axb5 axb5
25. Bd4 $16 {gives White an enormous advantage, although his position is not
yet winning.} (25. Nd4 $5)) ({The computer offers a spirited attempt at
counterplay:} 21... h6 $5 22. gxh6 g5 23. Qg3 Rxh6 24. Nxb7 Kxb7 25. Nd4 Rh3
26. Qg1 Rdh8 {, which at least gives Black some freedom, although he is a long
way from equality.}) 22. Nxb7 Kxb7 23. Bd4 {Planning Qe3 and Nf4-d5. Without
his light-squared bishop, Black's position is strategically lost.} Rhf8 {
Trying to break with ...f6, but there isn't enough time.} 24. Qe3 Qc8 (24... f6
25. Nf4 $18) 25. h4 f6 26. Nf4 {Now White is able to place the knight on d5.}
fxg5 27. Nd5 Qd7 28. hxg5 Rxf1 29. Bxf1 $1 {A move I am proud to have found.
The automatic 29.Rxf1 is also winning, but this is even more devastating, and
has a nice tactical justification.} (29. Rxf1 Rf8 {, and White should trade
rooks with} 30. Rd1 {, which is a tempo down compared to the game.}) 29... Rf8
({I had to see how to counter} 29... Qg4 {, and I had calculated a long
variation:} 30. Be2 Qxg5 31. Qb3 (31. Qh3 $5 h5 32. Bxb5 axb5 33. Qb3 Kc6 34.
Qb4 {is also convincing.}) 31... Nc5 32. Bxc5 dxc5 33. Bxb5 axb5 34. Qxb5+ Kc8
35. Qa6+ Kd7 36. Rf1 $1 {, with a decisive attack.} (36. Nf6+ Kc7 37. Qa7+ Kc6)
(36. Qb7+ Ke6 37. Rf1 Nf3 $1) 36... Rf8 (36... Ke8 37. Qb5+ Rd7 38. Nc7+ Kd8
39. Qb8#) (36... Rc8 37. Nb6+ $18) (36... Rb8 37. Qa7+ $18) 37. Qb7+ Kd6 (37...
Ke6 38. Nc7+ Kd7 39. Ne6+ Kxe6 40. Qd5#) 38. Rd1 $18) 30. Be2 {There is no
defence against b3 and a4, when Black will be defenceless on the light squares.
} Nc6 31. b3 Nxd4 (31... Nc5 32. a4 bxa4 33. b4 Ne6 34. Bxa6+ Kxa6 35. Qd3+ Kb7
36. Qb5+ $18) 32. Rxd4 Nc5 33. a4 $18 {Breaking up Black's king position.
Black's position is hopeless.} bxa4 34. Rb4+ Ka7 35. Rxa4 Bd8 36. Bxa6 Kb8 (
36... Bb6 37. Qxc5 $18 (37. Bb5+ Nxa4)) 37. Rb4+ Ka8 38. Bb5 Qc8 39. Rc4 Rf1+ (
39... Qb7 40. Rxc5 dxc5 41. Qxc5 $18) 40. Kb2 Qe6 41. Rxc5 1-0